|
|
|
|
| LEADER |
00929nam a2200253 i 4500 |
| 001 |
c000244625 |
| 003 |
CARM |
| 005 |
00000000000000.0 |
| 008 |
840311s1969 nyu 0 eng d |
| 019 |
1 |
|
|a 247177
|z 23907521
|5 LACONCORD2021
|
| 035 |
|
|
|a (OCoLC)30278
|5 LACONCORD2021
|
| 082 |
0 |
4 |
|a 325.342095
|
| 100 |
1 |
|
|a Woodcock, George,
|d 1912-
|
| 245 |
1 |
4 |
|a The British in the Far East.
|
| 260 |
|
|
|a New York :
|b Atheneum,
|c 1969.
|
| 300 |
|
|
|a 259 p. :
|b illus.
|
| 490 |
1 |
|
|a A Social history of the British overseas
|
| 500 |
|
|
|a Bibliography: p.246-250.
|
| 650 |
|
0 |
|a British
|z Asia
|x History.
|
| 651 |
|
0 |
|a Asia
|x Politics and government.
|
| 830 |
|
0 |
|a Social history of the British overseas.
|
| 852 |
8 |
|
|b CARM
|h A1:AP07C0
|i C08806
|p 0335398
|f BK
|
| 999 |
f |
f |
|i 6cd55a89-51a9-5b01-817b-874401841bae
|s 154cf47e-f213-553d-a023-5c2c5bad3c6b
|
| 952 |
f |
f |
|p Can circulate
|a CAVAL
|b CAVAL
|c CAVAL
|d CARM 1 Store
|e C08806
|f A1:AP07C0
|h Other scheme
|i book
|m 0335398
|